000 00931nas a2200289 4500
001 BR2014004630
003 BR-BrBNA
005 20231205124311.0
007 ta
008 230509b bl.|||p| |||| 00| 00por d
040 _aBR-BrBNA
_bpor
_cBiblioteca Nacional de Agricultura
041 _a(Pt)
072 _aP33
100 1 _aMoitinho, M.R.
100 1 _aPadovan, M.P.
100 1 _aPanosso, A.R.
100 1 _aScala Junior, N. la
245 1 _aEfeito do preparo do solo e resíduo da colheita de cana-de-açúcar sobre a emissão de CO2
650 _aCANA DE AÇÚCAR
650 _aRESPIRAÇÃO DO SOLO
650 _aTEMPERATURA
650 _aUMIDADE
773 0 _tRevista Brasileira de Ciência do Solo (Brazil)
_xISSN 0100-0683
_g(Nov-Dec 2013), v. 37(6) p. 1720-1728
_wBR2014004630
856 4 0 _uhttp://www.scielo.br/pdf/rbcs/v37n6/28.pdf
909 _a202311
_bLúcia
_c55
_dLúcia Elande
942 _2AGRIS
_n0
_cANA
999 _c238351
_d238351